Ženy v zahraničnej politike na príklade zvolených krajín bakalárska práca

Na minha lista:
Detalhes bibliográficos
Autor principal: Hronská, Katarína
Autor Corporativo: Fakulta medzinárodných vzťahov EU. Katedra medzinárodných ekonomických vzťahov a hospodárskej diplomacie
Outros Autores: Baleha, Andrianna, 1990-
Formato: Livro
Idioma:eslovaco
Publicado em: Bratislava 2023
Tags: Adicionar Tag
Sem tags, seja o primeiro a adicionar uma tag!

MARC

LEADER 00000nbm a2200000 4500
001 0293237
005 20240604092215.2
041 0 |a slo 
044 |a SK 
245 1 0 |a Ženy v zahraničnej politike na príklade zvolených krajín  |b bakalárska práca  |c Katarína Hronská ; školiteľ: Andrianna Baleha 
264 1 |a Bratislava  |c 2023 
300 |a 47 s. 
100 1 |a Hronská, Katarína 
700 1 |a Baleha, Andrianna, 1990- 
710 2 |a Fakulta medzinárodných vzťahov EU. Katedra medzinárodných ekonomických vzťahov a hospodárskej diplomacie